000 01149nam a2200349 i 4500
001 000017138
003
005 20241010100515.0
006 a||||br|||| 00| 0
007 ta
008 1003182012 dr a 000 f spa d
020 _a9789945883114
040 _aDO-SdBNP
_bspa
_cBPMSU
_erda
082 4 _aRD863.5
_bR282p 2012
_222
100 1 _aRead Escobal, Virginia,
_d1963-
100 z _aEscobal, Virginia Read,
_d1963-
245 1 3 _aEl pacto de Guani /
_cVirginia Read Escobal; ilustraciones de Henry Cid.
264 4 _aSanto Domingo :
_bAlfaguara,
_c2012
300 _a118 páginas :
_bIlustraciones ;
_c20 cm.
336 _2rdacontent
_atexto
_btxt
337 _2rdamedia
_asin medición
_bn
338 _2rdacarrier
_avolumen
_bnc
490 0 _aAfaguara Juvenil ;
_v12
500 _aIncluye datos biográficos del autor en la página 117 - 118.
500 _aIncluye glosario de términos página 113.
590 _aInventariado 2024/ VM
650 4 _aNovela juvenil dominicana
650 4 _aLiteratura juvenil dominicana
700 1 _aCid, Henry,
_eilustrador
910 _aVMateo V. Control de calidad. BPMSU
942 _2ddc
_cMP
999 _c7200
_d7200